Systems engineering and analysis
Gorde:
| Egile Nagusiak: | , |
|---|---|
| Formatua: | Liburua |
| Hizkuntza: | ingelesa |
| Argitaratua: |
Prentice Hall
2011
|
| Edizioa: | 5a. ed |
| Gaiak: | |
| Etiketak: |
Etiketa erantsi
Etiketarik gabe, Izan zaitez lehena erregistro honi etiketa jartzen!
|
MARC
| LEADER | 00000cam a2200000 a 4500 | ||
|---|---|---|---|
| 001 | UCG8084 | ||
| 003 | CL-VaPUC | ||
| 008 | 111118e20110000US |||||||||||||||||eng|d | ||
| 020 | |a 9780132217354 | ||
| 082 | 0 | 4 | |a 620.001 |b BLA |2 21 |
| 100 | |a Blanchard, Benjamin S |e author |9 365034 | ||
| 700 | 0 | |a Fabrycky, Wolter J |e author |9 558640 | |
| 245 | 1 | 0 | |a Systems engineering and analysis |
| 250 | |a 5a. ed | ||
| 300 | |a 786 p | ||
| 942 | |c BK | ||
| 945 | |d 20111118 00:00:00 |a dcastane | ||
| 260 | |b Prentice Hall |c 2011 | ||
| 650 | 0 | |a Ingeniería de sistemas |9 261019 | |
| 650 | 0 | |a Análisis de sistemas |9 260059 | |
| 650 | 0 | |a Diseño de sistemas |9 262363 | |
| 583 | |a last modification |c 20111118 11:09:00 |k Rodrigo Vera | ||
| 999 | |c 345723 |d 345721 | ||
| 952 | |0 0 |1 0 |4 0 |6 620_001000000000000_BLA_2011 |7 0 |8 A |9 445533 |a BIBING |b BIBING |d 2019-11-22 |i 480306K |o 620.001 BLA 2011 |p 480306K |r 2025-01-20 |w 2019-11-22 |y BK |k EII | ||